Sports Quiz

Random Sports or Tennis Quiz

Masters Tennis finalists 1990-1999 Quiz Stats

 Plays Quiz not verified by Sporcle

Support Sporcle.
Go Orange.
Score 0/54 Timer 10:00
0 Plays Today
Country % Correct
USAAndre Agassi
98.1%
USAPete Sampras
96.3%
SwedenStefan Edberg
95%
GermanyBoris Becker
94.1%
AustriaThomas Muster
91.3%
BrazilGustavo Kuerten
91%
RussiaYevgeny Kafelnikov
89.4%
USAMichael Chang
89.1%
AustraliaPatrick Rafter
89.1%
CzechoslovakiaIvan Lendl
87.9%
NetherlandsRichard Krajicek
86.3%
USAJim Courier
85.7%
ChileMarcelo Rios
85.4%
SpainCarlos Moya
83.9%
CroatiaGoran Ivanišević
83.5%
SpainSergi Bruguera
79.2%
GermanyMichael Stich
79.2%
UkraineAndriy Medvedev
78.6%
South AfricaWayne Ferreira
78.3%
RussiaMarat Safin
78%
UKGreg Rusedski
77.6%
FranceCédric Pioline
75.8%
SwedenThomas Enqvist
74.8%
SpainCarlos Costa
73.9%
USATodd Martin
73.9%
SpainAlbert Costa
73.9%
SpainÀlex Corretja
73.9%
Country % Correct
Czechoslovakia/Czech RepublicPetr Korda
71.4%
AustraliaMark Philippoussis
70.8%
FranceGuy Forget
68%
SwitzerlandMarc Rosset
68%
SwedenJonas Björkman
60.9%
SwedenThomas Johansson
59%
USSR/RussiaAndrei Chesnokov
54.3%
FranceSébastien Grosjean
51.9%
SpainEmilio Sánchez
48.4%
USAMaliVai Washington
46%
CzechoslovakiaKarel Nováček
44.7%
USABrad Gilbert
43.2%
SpainFélix Mantilla
38.5%
USAAaron Krickstein
31.4%
AustraliaTodd Woodbridge
31.4%
NetherlandsPaul Haarhuis
26.7%
USADavid Wheaton
25.2%
SwedenMagnus Gustafsson
22.7%
SwedenMikael Pernfors
20.8%
ArgentinaAlberto Mancini
16.5%
USAChris Woodruff
15.5%
AustraliaJason Stoltenberg
15.2%
ArgentinaMariano Zabaleta
15.2%
SpainRoberto Carretero
13.4%
USAJay Berger
13%
SpainJuan Aguilera
8.7%
Czech RepublicBohdan Ulihrach
5%

You're not logged in!

Compare scores with friends on all Sporcle quizzes.
OR
Log In

From the Vault

Sunday Crossword: Winter Wonderland

by rer2121

It's a winter wonderland until we're all snowed in without power.
Remove Ads.
Support Sporcle.
Get the best of Sporcle when you Go Orange. This ad-free experience offers more features, more stats, and more fun while also helping to support Sporcle. Thank you for becoming a member.

Show Comments

Extras

Top Quizzes Today


Score Distribution

Your Account Isn't Verified!

In order to create a playlist on Sporcle, you need to verify the email address you used during registration. Go to your Sporcle Settings to finish the process.

Report this User

Report this user for behavior that violates our Community Guidelines.

Details: